000 00683nam a2200193Ia 4500
003 GCL
008 140319s9999 xx 000 0 ara d
040 _aGCL /
_cGCL
082 0 4 _aد
_b050
_bد هـ
245 1 0 _aالهلال يوليو 1999 : السينما ورموز الابداع
260 _aالقاهرة :
_bدار الهلال للطباعة والنشر ،
_c1999
650 0 4 _aالصهيونية
650 0 4 _aالشعر العامى
650 0 4 _aالقصة العربية - تاريخ ونقد
650 0 4 _aمصر - تاريخ - الحملة الفرنسية (1798-1801م)
650 0 4 _aمصر - الاثار
650 0 4 _aفتحى رضوان
942 _2ddc
_cCR
999 _c6703
_d6703